<?xml version="1.0" encoding="UTF-8"?>
<record
    xmlns:xsi="http://www.w3.org/2001/XMLSchema-instance"
    xsi:schemaLocation="http://www.loc.gov/MARC21/slim http://www.loc.gov/standards/marcxml/schema/MARC21slim.xsd"
    xmlns="http://www.loc.gov/MARC21/slim">

  <leader>01186nam0a2200301   4500</leader>
  <controlfield tag="001">RU\NLR\bibl\56219</controlfield>
  <controlfield tag="005">20250616085836.0</controlfield>
  <datafield tag="010" ind1=" " ind2=" ">
    <subfield code="a">5-7680-1449-7</subfield>
    <subfield code="9">800</subfield>
  </datafield>
  <datafield tag="021" ind1=" " ind2=" ">
    <subfield code="a">RU</subfield>
    <subfield code="b">99-36556</subfield>
    <subfield code="9">1801</subfield>
  </datafield>
  <datafield tag="035" ind1=" " ind2=" ">
    <subfield code="a">(NLR Aleph) 000054826</subfield>
  </datafield>
  <datafield tag="090" ind1=" " ind2=" ">
    <subfield code="a">295775</subfield>
    <subfield code="c">295775</subfield>
  </datafield>
  <datafield tag="100" ind1=" " ind2=" ">
    <subfield code="a">19991101d1999    |||y0rusy50      ca</subfield>
  </datafield>
  <datafield tag="101" ind1="0" ind2=" ">
    <subfield code="a">rus</subfield>
  </datafield>
  <datafield tag="102" ind1=" " ind2=" ">
    <subfield code="a">RU</subfield>
  </datafield>
  <datafield tag="105" ind1=" " ind2=" ">
    <subfield code="a">y   |||||||||</subfield>
  </datafield>
  <datafield tag="200" ind1="1" ind2=" ">
    <subfield code="a">&#x41E;&#x441;&#x443;&#x448;&#x438; &#x43C;&#x43E;&#x438; &#x441;&#x43B;&#x435;&#x437;&#x44B;</subfield>
    <subfield code="e">&#x420;&#x430;&#x441;&#x441;&#x43A;&#x430;&#x437;&#x44B;. &#x41F;&#x43E;&#x432;&#x435;&#x441;&#x442;&#x438;</subfield>
    <subfield code="f">&#x417;&#x430;&#x43B;&#x438;&#x43C;&#x445;&#x430;&#x43D; &#x422;&#x430;&#x43E;&#x432;</subfield>
  </datafield>
  <datafield tag="210" ind1=" " ind2=" ">
    <subfield code="a">&#x41D;&#x430;&#x43B;&#x44C;&#x447;&#x438;&#x43A;</subfield>
    <subfield code="c">&#x42D;&#x43B;&#x44C;&#x431;&#x440;&#x443;&#x441;</subfield>
    <subfield code="d">1999</subfield>
  </datafield>
  <datafield tag="215" ind1=" " ind2=" ">
    <subfield code="a">153, [1] &#x441;.</subfield>
    <subfield code="d">21</subfield>
  </datafield>
  <datafield tag="327" ind1="1" ind2=" ">
    <subfield code="a">&#x421;&#x43E;&#x434;&#x435;&#x440;&#x436;.: &#x421;&#x430;&#x43F;&#x43E;&#x436;&#x43D;&#x438;&#x43A; &#x417;&#x438;&#x43D;&#x430;; &#x41F;&#x440;&#x438;&#x435;&#x43C;&#x44B;&#x448; &#x411;&#x443;&#x431;&#x430;; &#x412;&#x43F;&#x435;&#x447;&#x430;&#x442;&#x43B;&#x438;&#x442;&#x435;&#x43B;&#x44C;&#x43D;&#x44B;&#x439; &#x422;&#x435;&#x43C;&#x431;&#x43E;&#x442;; &#x411;&#x430;&#x43B;&#x44C;&#x437;&#x430;&#x43C; &#x41C;&#x430;&#x441;&#x445;&#x443;&#x434;&#x430;; &#x428;&#x435;&#x434;&#x435;&#x432;&#x440; &#x437;&#x43E;&#x434;&#x447;&#x435;&#x441;&#x442;&#x432;&#x430;; &#x41D;&#x438; &#x432;&#x438;&#x434;&#x430;, &#x43D;&#x438; &#x430;&#x43D;&#x433;&#x438;&#x434;&#x440;&#x438;&#x434;&#x430;; &#x411;&#x440;&#x443;&#x448;&#x430;; &#x425;&#x430;&#x43F;&#x443;&#x43F;&#x445;&#x430;&#x43D;; &#x41E;&#x441;&#x443;&#x448;&#x438; &#x43C;&#x43E;&#x438; &#x441;&#x43B;&#x435;&#x437;&#x44B;</subfield>
  </datafield>
  <datafield tag="686" ind1=" " ind2=" ">
    <subfield code="a">&#x428;6(2=&#x41A;)7-4</subfield>
  </datafield>
  <datafield tag="700" ind1=" " ind2="1">
    <subfield code="a">&#x422;&#x430;&#x43E;&#x432;</subfield>
    <subfield code="b">&#x417;. &#x428;.</subfield>
    <subfield code="g">&#x417;&#x430;&#x43B;&#x438;&#x43C;&#x445;&#x430;&#x43D; &#x428;&#x430;&#x445;&#x438;&#x43C;&#x43E;&#x432;&#x438;&#x447;</subfield>
    <subfield code="4">070</subfield>
  </datafield>
  <datafield tag="801" ind1=" " ind2="0">
    <subfield code="a">RU</subfield>
    <subfield code="b">NLR</subfield>
    <subfield code="c">19991101</subfield>
    <subfield code="g">PSBO</subfield>
  </datafield>
  <datafield tag="801" ind1=" " ind2="1">
    <subfield code="a">RU</subfield>
    <subfield code="b">NLR</subfield>
    <subfield code="c">19991101</subfield>
  </datafield>
  <datafield tag="852" ind1=" " ind2=" ">
    <subfield code="a">NLR</subfield>
    <subfield code="j">99-3/13446</subfield>
  </datafield>
  <datafield tag="942" ind1=" " ind2=" ">
    <subfield code="c">BOOK</subfield>
  </datafield>
  <datafield tag="980" ind1=" " ind2=" ">
    <subfield code="a">NB</subfield>
  </datafield>
  <datafield tag="995" ind1=" " ind2=" ">
    <subfield code="5">2013-10-26</subfield>
    <subfield code="b">NLR01</subfield>
    <subfield code="c">NLR01</subfield>
    <subfield code="e">RF8</subfield>
    <subfield code="f">54826-10</subfield>
    <subfield code="k">99-3/13446</subfield>
    <subfield code="o">0</subfield>
    <subfield code="r">BOOK</subfield>
    <subfield code="s">99313446_</subfield>
  </datafield>
</record>
